000 00355nam a2200145Ia 4500
005 20251222152719.0
008 251222s9999||||xx |||||||||||||| ||spa||
020 _a8443712011
082 _a863.64/G78
100 _aGrandes, Almudena
245 0 _aTe Llamaré el Viernes
250 _a1ra.ed.
264 _bRBA Proyectos Editoriale, S.A.
942 _cLIB
999 _c29521
_d29521